[Event "BCF-chT3E 2223 (4NCL)"]
[Site "England"]
[Date "2023.03.25"]
[Round "7.12"]
[White "Webb, Richard M"]
[Black "Walker, Martin Graham"]
[Result "1/2-1/2"]
[WhiteElo "2190"]
[BlackElo "2199"]
[PlyCount "96"]
[EventDate "2022.11.05"]
[EventType "team-tourn"]
[EventRounds "11"]
[EventCountry "ENG"]
[SourceTitle "EXT 2024"]
[Source "ChessBase"]
[SourceDate "2023.10.10"]
[SourceVersion "1"]
[SourceVersionDate "2023.10.10"]
[SourceQuality "1"]
[WhiteTeam "Crowthorne"]
[BlackTeam "Anglian Avengers"]
[WhiteTeamCountry "ENG"]
[BlackTeamCountry "ENG"]

1. Nf3 Nf6 2. g3 c5 3. Bg2 d5 4. 0-0 Nc6 5. d4 e6 6. c4 cxd4 7. Nxd4 Be7 8. Nc3 0-0 9. cxd5 exd5 10. h3 Qb6 11. e3 Rd8 12. b3 Ne5 13. Bb2 Bd7 14. Qe2 Rac8 15. Rac1 Ng6 16. Rfd1 Bc5 17. Kh2 Ne7 18. Qd3 a6 19. Qe2 h6 20. Na4 Bxa4 21. bxa4 Qd6 22. Nb3 Ba3 23. Bxf6 Qxf6 24. Rxc8 Rxc8 25. Bxd5 Nxd5 26. Rxd5 Qc6 27. Qd3 Qxa4 28. Rd7 Qc6 29. e4 Bf8 30. Kg2 b5 31. Ra7 Qe6 32. Qd5 Qxd5 33. exd5 Rd8 34. Rxa6 Rxd5 35. Kf3 Rd8 36. Ke4 b4 37. Ra5 Re8+ 38. Kd3 Rd8+ 39. Ke4 Rc8 40. h4 Rc2 41. f4 Rc3 42. g4 Rg3 43. g5 Rh3 44. gxh6 gxh6 45. h5 Bg7 46. Nd4 Kh7 47. Nf5 Rxh5 48. Ra7 Kg8 1/2-1/2

[Event "BCF-chT4S 1819 (4NCL)"]
[Site "England"]
[Date "2018.11.18"]
[Round "2.32"]
[White "Webb, Richard M"]
[Black "Flynn, David"]
[Result "1/2-1/2"]
[WhiteElo "2206"]
[BlackElo "1930"]
[PlyCount "48"]
[EventDate "2018.11.17"]
[EventType "team-swiss"]
[EventRounds "11"]
[EventCountry "ENG"]
[SourceTitle "EXT 2021"]
[Source "ChessBase"]
[SourceDate "2020.10.23"]
[SourceVersion "1"]
[SourceVersionDate "2020.10.23"]
[SourceQuality "1"]
[WhiteTeam "Crowthorne"]
[BlackTeam "Ashfield II"]
[WhiteTeamCountry "ENG"]
[BlackTeamCountry "ENG"]

1. e4 e6 2. d3 c5 3. Nf3 Ne7 4. g3 g6 5. Bg2 Bg7 6. 0-0 Nbc6 7. Nbd2 0-0 8. Re1 d6 9. a4 e5 10. c3 h6 11. Nc4 Bg4 12. Ne3 Be6 13. Nd2 d5 14. exd5 Nxd5 15. Nxd5 Bxd5 16. Nc4 Bxg2 17. Kxg2 Qd5+ 18. Qf3 Rad8 19. Qxd5 Rxd5 20. Be3 f5 21. f3 Rfd8 22. a5 Bf8 23. Bf2 Kf7 24. Ra3 Kf6 1/2-1/2

[Event "BCF-chT2b 1516 (4NCL)"]
[Site "England"]
[Date "2016.02.14"]
[Round "6.15"]
[White "Webb, Richard M"]
[Black "Smith, Andrew Philip"]
[Result "1/2-1/2"]
[WhiteElo "2262"]
[BlackElo "2118"]
[PlyCount "29"]
[EventDate "2015.11.14"]
[EventType "team-tourn"]
[EventRounds "7"]
[EventCountry "ENG"]
[SourceTitle "CBM 170 Extra"]
[Source "ChessBase"]
[SourceDate "2016.02.25"]
[SourceVersion "1"]
[SourceVersionDate "2016.02.25"]
[SourceQuality "1"]
[WhiteTeam "BCM Dragons"]
[BlackTeam "Cambridge II"]
[WhiteTeamCountry "ENG"]
[BlackTeamCountry "ENG"]

1. e4 e5 2. Nf3 d6 3. d4 Nd7 4. Bc4 Qf6 5. Nc3 c6 6. Be3 h6 7. Bb3 Be7 8. Qd2 Bd8 9. Ne2 Ne7 10. c3 Bc7 11. Ng3 0-0 12. 0-0 a5 13. a4 Rd8 14. dxe5 Nxe5 15. Nxe5 1/2-1/2

[Event "BCF-chT2c 1314 (4NCL)"]
[Site "England"]
[Date "2014.05.04"]
[Round "10.33"]
[White "Talsma, Paul"]
[Black "Webb, Richard M"]
[Result "1/2-1/2"]
[WhiteElo "2172"]
[BlackElo "2263"]
[PlyCount "38"]
[EventDate "2013.11.16"]
[EventType "team-tourn"]
[EventRounds "11"]
[EventCountry "ENG"]
[SourceTitle "EXT 2015"]
[Source "ChessBase"]
[SourceDate "2014.11.20"]
[SourceVersion "1"]
[SourceVersionDate "2014.11.20"]
[SourceQuality "1"]
[WhiteTeam "Anglian Avengers"]
[BlackTeam "BCM Dragons"]
[WhiteTeamCountry "ENG"]
[BlackTeamCountry "ENG"]

1. d4 Nf6 2. c4 g6 3. Nc3 d5 4. Nf3 Bg7 5. e3 0-0 6. cxd5 Nxd5 7. Bc4 Nb6 8. Bb3 c5 9. 0-0 cxd4 10. exd4 Bg4 11. d5 N8d7 12. h3 Bxf3 13. Qxf3 Rc8 14. Re1 Ne5 15. Qe2 Re8 16. Bg5 Nec4 17. Rac1 Qd7 18. Na4 Nxa4 19. Bxa4 Qxa4 1/2-1/2

[Event "BCF-chT1d 1213 (4NCL) Demotion pool"]
[Site "England"]
[Date "2013.03.24"]
[Round "8.185"]
[White "Kvisvik, Brede Alexander"]
[Black "Webb, Richard M"]
[Result "1-0"]
[WhiteElo "2315"]
[BlackElo "2266"]
[PlyCount "87"]
[EventDate "2012.11.03"]
[EventType "team-tourn"]
[EventRounds "4"]
[EventCountry "ENG"]
[SourceTitle "EXT 2014"]
[Source "ChessBase"]
[SourceDate "2013.11.20"]
[SourceVersion "1"]
[SourceVersionDate "2013.11.20"]
[SourceQuality "1"]
[WhiteTeam "Wood Green Hilsmark II"]
[BlackTeam "BCM Dragons"]
[WhiteTeamCountry "ENG"]
[BlackTeamCountry "ENG"]

1. d4 Nf6 2. c4 g6 3. Nc3 d5 4. Nf3 Bg7 5. Qa4+ Bd7 6. Qb3 dxc4 7. Qxc4 0-0 8. Bf4 Na6 9. e4 c5 10. e5 Nh5 11. Be3 cxd4 12. Qxd4 Bc6 13. Be2 Qa5 14. 0-0 Bxf3 15. Bxf3 Bxe5 16. Qe4 Nf6 17. Qxb7 Rab8 18. Qxe7 Rfe8 19. Qxa7 Rxb2 20. Rac1 Rb4 21. Be2 Qc7 22. Qxc7 Nxc7 23. a4 Ncd5 24. Nxd5 Nxd5 25. Bc5 Rb2 26. Bb5 Rb8 27. Rfe1 Bf4 28. Rb1 Rxb1 29. Rxb1 Nc3 30. Rb3 Ne4 31. Be3 Bd6 32. g3 Kf8 33. Rd3 Ke7 34. f3 Nc5 35. Rxd6 Rxb5 36. Rb6 Ra5 37. Bd2 Rxa4 38. Bb4 Ra1+ 39. Kf2 Rc1 40. Rc6 Rc2+ 41. Ke3 Rc4 42. Bxc5+ Kd7 43. Rd6+ Kc7 44. Ba3 1-0

[Event "BCF-chT1a 1213 (4NCL)"]
[Site "England"]
[Date "2012.11.04"]
[Round "2.132"]
[White "Zhou, Yang Fan"]
[Black "Webb, Richard M"]
[Result "1-0"]
[WhiteElo "2418"]
[BlackElo "2266"]
[PlyCount "125"]
[EventDate "2012.11.03"]
[EventType "team-tourn"]
[EventRounds "7"]
[EventCountry "ENG"]
[SourceTitle "EXT 2013"]
[Source "ChessBase"]
[SourceDate "2012.11.22"]
[SourceVersion "1"]
[SourceVersionDate "2012.11.22"]
[SourceQuality "1"]
[WhiteTeam "Guildford II"]
[BlackTeam "BCM Dragons"]
[WhiteTeamCountry "ENG"]
[BlackTeamCountry "ENG"]

1. e4 c5 2. Nf3 d6 3. d4 cxd4 4. Nxd4 Nf6 5. Nc3 g6 6. Be3 Bg7 7. f3 0-0 8. Qd2 Nc6 9. 0-0-0 d5 10. exd5 Nxd5 11. Nxc6 bxc6 12. Bd4 Nxc3 13. Qxc3 Bh6+ 14. Be3 Bxe3+ 15. Qxe3 Qb6 16. Qxe7 Be6 17. Qa3 Rad8 18. Bd3 Rd5 19. b3 Rfd8 20. Rde1 Rd4 21. Re5 R8d5 22. Re2 Qc7 23. g3 Qd7 24. Rhe1 c5 25. Bc4 Rd1+ 26. Kb2 Rxe1 27. Rxe1 Re5 28. Rxe5 Qd4+ 29. Kb1 Qxe5 30. Bxe6 Qe1+ 31. Qc1 Qxe6 32. Qd2 h5 33. a4 Qc6 34. Qc3 Qd5 35. Ka2 Qf5 36. Qd3 Qh3 37. Qe2 Qf5 38. a5 a6 39. Qe4 Qf6 40. f4 Qd8 41. Qe1 Kh7 42. Qc3 Qd6 43. Qe5 Qc6 44. Kb2 Qc8 45. Qf6 Kg8 46. h4 Qb7 47. f5 Kh7 48. Qb6 Qc8 49. f6 g5 50. Qd6 gxh4 51. gxh4 Kg6 52. Qg3+ Kxf6 53. Qg5+ Ke6 54. Qxh5 f5 55. Qg6+ Ke5 56. Qg7+ Ke4 57. h5 f4 58. h6 f3 59. h7 f2 60. Qg8 Qxg8 61. hxg8Q f1Q 62. Qe6+ Kd4 63. c3+ 1-0

[Event "BCF-chT2 1011 (4NCL)"]
[Site "England"]
[Date "2011.04.30"]
[Round "9.71"]
[White "Shridhar, Mitesh"]
[Black "Webb, Richard M"]
[Result "1-0"]
[WhiteElo "2118"]
[BlackElo "2268"]
[PlyCount "55"]
[EventDate "2010.11.06"]
[EventType "team-swiss"]
[EventRounds "11"]
[EventCountry "ENG"]
[SourceTitle "EXT 2012"]
[Source "ChessBase"]
[SourceDate "2011.11.24"]
[SourceVersion "1"]
[SourceVersionDate "2011.11.24"]
[SourceQuality "1"]
[WhiteTeam "Cambridge II"]
[BlackTeam "AMCA Dragons"]
[WhiteTeamCountry "ENG"]
[BlackTeamCountry "ENG"]

1. e4 c5 2. c3 Nf6 3. e5 Nd5 4. d4 cxd4 5. Nf3 Nc6 6. cxd4 d6 7. Bc4 Nb6 8. Bb3 dxe5 9. d5 Na5 10. Nc3 Nxb3 11. Qxb3 e6 12. Nxe5 exd5 13. Be3 Bd6 14. Qb5+ Kf8 15. Nf3 Bd7 16. Qb3 Nc4 17. Qxb7 Nxe3 18. fxe3 Rb8 19. Qxa7 Rxb2 20. 0-0 h5 21. Nxd5 Rh6 22. Qd4 Qb8 23. h4 Kg8 24. Ng5 Be8 25. Qe4 Bh2+ 26. Kh1 Qe5 27. Ne7+ Kh8 28. Rxf7 1-0

[Event "BCF-chT2 1011 (4NCL)"]
[Site "England"]
[Date "2011.02.19"]
[Round "5.71"]
[White "Quillan, Gary"]
[Black "Webb, Richard M"]
[Result "1/2-1/2"]
[WhiteElo "2383"]
[BlackElo "2268"]
[PlyCount "77"]
[EventDate "2010.11.06"]
[EventType "team-swiss"]
[EventRounds "11"]
[EventCountry "ENG"]
[SourceTitle "EXT 2012"]
[Source "ChessBase"]
[SourceDate "2011.11.24"]
[SourceVersion "1"]
[SourceVersionDate "2011.11.24"]
[SourceQuality "1"]
[WhiteTeam "3CS Oldham"]
[BlackTeam "AMCA Dragons"]
[WhiteTeamCountry "ENG"]
[BlackTeamCountry "ENG"]

1. e4 c5 2. c3 Nf6 3. e5 Nd5 4. Nf3 d6 5. d4 cxd4 6. cxd4 Nc6 7. Bc4 Nb6 8. Bb3 dxe5 9. d5 Na5 10. Nc3 Nxb3 11. Qxb3 e6 12. Nxe5 exd5 13. Be3 Bd6 14. Qb5+ Kf8 15. Nf3 Bd7 16. Qd3 Na4 17. Nxa4 Bxa4 18. 0-0 Qd7 19. Rfe1 Bc6 20. Rac1 f6 21. Bc5 Bxc5 22. Rxc5 Kf7 23. Nd4 Rhe8 24. Rec1 g6 25. Qc3 Rac8 26. h3 a6 27. b4 Qd6 28. Nf3 Rcd8 29. Nd4 Rc8 30. Qd3 Bd7 31. a3 b6 32. Rxc8 Rxc8 33. Rd1 a5 34. b5 Kg7 35. Re1 Re8 36. Rc1 Rc8 37. Re1 Re8 38. Rc1 Rc8 39. Re1 1/2-1/2

[Event "BCF-chT2a 0910 (4NCL)"]
[Site "England"]
[Date "2010.03.27"]
[Round "7.1"]
[White "Webb, Richard M"]
[Black "Simons, Martin J"]
[Result "1-0"]
[WhiteElo "2260"]
[BlackElo "2200"]
[PlyCount "39"]
[EventDate "2009.10.24"]
[EventType "team-tourn"]
[EventRounds "7"]
[EventCountry "ENG"]
[SourceTitle "EXT 2010"]
[Source "ChessBase"]
[SourceDate "2010.11.25"]
[SourceVersion "1"]
[SourceVersionDate "2010.11.25"]
[SourceQuality "1"]
[WhiteTeam "AMCA Dragons"]
[BlackTeam "Wessex"]
[WhiteTeamCountry "ENG"]
[BlackTeamCountry "ENG"]

1. e4 Nc6 2. Nf3 d5 3. exd5 Qxd5 4. Nc3 Qh5 5. Be2 Bg4 6. h3 0-0-0 7. 0-0 Bxf3 8. Bxf3 Qc5 9. Re1 Nd4 10. d3 Nf6 11. Be3 e5 12. Bxd4 exd4 13. Ne4 Nxe4 14. Bxe4 c6 15. Qf3 f6 16. c4 a5 17. a3 Qg5 18. Bxc6 bxc6 19. Qxc6+ Kb8 20. Qb6+ 1-0

[Event "BCF-chT2a 0910 (4NCL)"]
[Site "England"]
[Date "2010.02.20"]
[Round "5.1"]
[White "Rendle, Thomas E"]
[Black "Webb, Richard M"]
[Result "0-1"]
[WhiteElo "2396"]
[BlackElo "2260"]
[PlyCount "118"]
[EventDate "2009.10.24"]
[EventType "team-tourn"]
[EventRounds "7"]
[EventCountry "ENG"]
[SourceTitle "EXT 2010"]
[Source "ChessBase"]
[SourceDate "2010.11.25"]
[SourceVersion "1"]
[SourceVersionDate "2010.11.25"]
[SourceQuality "1"]
[WhiteTeam "Sambuca Sharks"]
[BlackTeam "AMCA Dragons"]
[WhiteTeamCountry "ENG"]
[BlackTeamCountry "ENG"]

1. e4 c5 2. Nf3 d6 3. c3 Nf6 4. Be2 g6 5. 0-0 Bg7 6. Bb5+ Bd7 7. Bxd7+ Qxd7 8. Re1 Nc6 9. d4 cxd4 10. cxd4 d5 11. e5 Ne4 12. Nc3 Nxc3 13. bxc3 0-0 14. h4 h6 15. Qd3 Qf5 16. Qxf5 gxf5 17. Ba3 Rfe8 18. e6 Rac8 19. h5 Nd8 20. exf7+ Kxf7 21. Re3 Bf6 22. Rb1 b6 23. Rb5 e6 24. Bd6 Nc6 25. Bf4 Rg8 26. Rb1 Bg5 27. Bxg5 hxg5 28. Rbe1 Rce8 29. g4 f4 30. Ne5+ Nxe5 31. Rxe5 b5 32. Kf1 Kf6 33. R1e2 Re7 34. Ke1 Rc8 35. Kd2 Rc6 36. f3 Rec7 37. h6 Ra6 38. Kd3 b4 39. cxb4 Ra3+ 40. Kd2 Rxa2+ 41. Ke1 Rc1+ 42. Kf2 Rxe2+ 43. Rxe2 Rh1 44. Kg2 Rxh6 45. Ra2 Rh7 46. b5 Rb7 47. Ra5 Rc7 48. Kf2 Rc2+ 49. Ke1 Rb2 50. Rxa7 Rxb5 51. Ra4 Rb6 52. Ke2 Rb2+ 53. Kd1 Rb3 54. Ke2 Re3+ 55. Kf2 Rc3 56. Ra8 Rc2+ 57. Ke1 Rc4 58. Rf8+ Kg7 59. Re8 Kf7 0-1

[Event "BCF-chT2a 0910 (4NCL)"]
[Site "England"]
[Date "2010.01.16"]
[Round "3.1"]
[White "McMichael, Richard"]
[Black "Webb, Richard M"]
[Result "1-0"]
[WhiteElo "2286"]
[BlackElo "2260"]
[PlyCount "77"]
[EventDate "2009.10.24"]
[EventType "team-tourn"]
[EventRounds "7"]
[EventCountry "ENG"]
[SourceTitle "EXT 2010"]
[Source "ChessBase"]
[SourceDate "2010.11.25"]
[SourceVersion "1"]
[SourceVersionDate "2010.11.25"]
[SourceQuality "1"]
[WhiteTeam "Kings Head"]
[BlackTeam "AMCA Dragons"]
[WhiteTeamCountry "ENG"]
[BlackTeamCountry "ENG"]

1. d4 Nf6 2. Nf3 g6 3. Bg5 Bg7 4. Nbd2 d5 5. e3 0-0 6. Bd3 Nbd7 7. 0-0 c5 8. c3 b6 9. Qe2 Bb7 10. Rad1 Qc7 11. e4 dxe4 12. Nxe4 Rad8 13. Rfe1 Rfe8 14. dxc5 bxc5 15. Bh4 Bc6 16. Bg3 Qb7 17. Nfg5 Nxe4 18. Nxe4 Qb6 19. Ng5 e6 20. Ne4 Ne5 21. Bb1 Bb5 22. Qe3 Nc4 23. Qg5 h6 24. Nf6+ Kh8 25. Qh4 Rxd1 26. Rxd1 Rd8 27. Re1 e5 28. Ng4 h5 29. b3 Nd2 30. Nxe5 Kg8 31. Qf4 Qf6 32. h4 Nxb1 33. Rxb1 Qxf4 34. Bxf4 Re8 35. c4 Ba6 36. Nd3 Bd4 37. Re1 Rxe1+ 38. Nxe1 Bc8 39. Be3 1-0

[Event "BCF-chT2a 0910 (4NCL)"]
[Site "England"]
[Date "2009.10.24"]
[Round "1.1"]
[White "Webb, Richard M"]
[Black "Ynojosa Aponte, Felix Jose"]
[Result "1/2-1/2"]
[WhiteElo "2260"]
[BlackElo "2197"]
[PlyCount "70"]
[EventDate "2009.10.24"]
[EventType "team-tourn"]
[EventRounds "7"]
[EventCountry "ENG"]
[SourceTitle "EXT 2010"]
[Source "ChessBase"]
[SourceDate "2010.11.25"]
[SourceVersion "1"]
[SourceVersionDate "2010.11.25"]
[SourceQuality "1"]
[WhiteTeam "AMCA Dragons"]
[BlackTeam "Barbican Youth"]
[WhiteTeamCountry "ENG"]
[BlackTeamCountry "ENG"]

1. e4 c5 2. Nc3 Nc6 3. Nge2 e5 4. Nd5 Nce7 5. Nec3 Nxd5 6. Nxd5 Nf6 7. Bc4 Be7 8. d3 d6 9. 0-0 0-0 10. Nxe7+ Qxe7 11. f4 exf4 12. Bxf4 Ng4 13. h3 Ne5 14. Bxe5 Qxe5 15. c3 Be6 16. Qb3 Bxc4 17. Qxc4 b5 18. Qxb5 Rab8 19. Qc4 Rxb2 20. Rab1 Rxb1 21. Rxb1 h6 22. Rb7 Qg5 23. a4 Qc1+ 24. Kh2 Qf4+ 25. Kh1 Re8 26. Rb1 Re6 27. Qd5 Kh7 28. a5 Rg6 29. a6 Rg3 30. Qf5+ Qxf5 31. exf5 Rxd3 32. Rb7 f6 33. Rxa7 Rxc3 34. Rd7 Ra3 35. Rxd6 c4 1/2-1/2

[Event "BCF-chT3 0809 (4NCL)"]
[Site "Hinckley Island"]
[Date "2009.03.21"]
[Round "7.1"]
[White "Arnott, Jonathan"]
[Black "Webb, Richard M"]
[Result "1/2-1/2"]
[WhiteElo "2117"]
[BlackElo "2266"]
[PlyCount "36"]
[EventDate "2008.10.18"]
[EventType "team-swiss"]
[EventRounds "11"]
[EventCountry "ENG"]
[SourceTitle "EXT 2010"]
[Source "ChessBase"]
[SourceDate "2010.11.25"]
[SourceVersion "1"]
[SourceVersionDate "2010.11.25"]
[SourceQuality "1"]
[WhiteTeam "WRO II"]
[BlackTeam "AMCA Dragons"]
[WhiteTeamCountry "ENG"]
[BlackTeamCountry "ENG"]

1. e4 c5 2. c3 Nf6 3. e5 Nd5 4. Nf3 d6 5. Bc4 Nb6 6. Bb3 Nc6 7. exd6 e6 8. d4 cxd4 9. Nxd4 Nxd4 10. Qxd4 Qxd6 11. Qxd6 Bxd6 12. Nd2 Bd7 13. Ne4 Bc7 14. Be3 Bc6 15. f3 Nd5 16. Bd4 e5 17. Bc5 0-0-0 18. 0-0-0 b6 1/2-1/2

[Event "BCF-chT2 0708 (4NCL)"]
[Site "Sunningdale"]
[Date "2008.05.05"]
[Round "11.3"]
[White "Webb, Richard M"]
[Black "Dargan, Paul AG"]
[Result "1-0"]
[WhiteElo "2259"]
[BlackElo "2185"]
[PlyCount "80"]
[EventDate "2007.09.15"]
[EventType "team-tourn"]
[EventRounds "11"]
[EventCountry "ENG"]
[SourceTitle "EXT 2023"]
[Source "ChessBase"]
[SourceDate "2022.10.05"]
[SourceVersion "1"]
[SourceVersionDate "2022.10.05"]
[SourceQuality "1"]
[WhiteTeam "Wessex"]
[BlackTeam "Poisoned Pawns"]
[WhiteTeamCountry "ENG"]
[BlackTeamCountry "ENG"]

1. e4 c6 2. d4 d5 3. Nc3 dxe4 4. Nxe4 Bf5 5. Ng3 Bg6 6. h4 h6 7. Nf3 Nd7 8. h5 Bh7 9. Bd3 Bxd3 10. Qxd3 e6 11. Bd2 Ngf6 12. 0-0-0 Be7 13. Kb1 Qc7 14. Qe2 0-0-0 15. Ne5 Rhf8 16. c4 c5 17. Bc3 cxd4 18. Bxd4 Nxe5 19. Bxe5 Qc6 20. f3 Rxd1+ 21. Rxd1 Rd8 22. Rxd8+ Bxd8 23. Ne4 Nxe4 24. Qxe4 Qxe4+ 25. fxe4 g6 26. g4 Bg5 27. Kc2 Kd7 28. b4 a6 29. a4 Kc6 30. Kd3 Bc1 31. Bd4 b6 32. b5+ axb5 33. axb5+ Kc7 34. Bg7 Bg5 35. e5 gxh5 36. gxh5 Bc1 37. Bf8 Bg5 38. Bb4 Bc1 39. Bd2 Bxd2 40. Kxd2 Kd7 1-0